| 000 | 02237nam a22001577a 4500 | ||
|---|---|---|---|
| 041 | _aukr | ||
| 080 | _a09 | ||
| 090 | _bЗАС | ||
| 100 | _aЗаслонкіна Н. В. | ||
| 245 | _aКонтекстна реалізація лексико-семантичного поля "Подорож" у творах А. Хейлі "Небезпечний політ" та "Аеропорт" | ||
| 260 |
_aОстрог _bКАФ _c2006 |
||
| 300 | _a45 | ||
| 520 |
_aРозділ 1. Поняття "Семантичне поле" та його особлтвості.
1.1. Визначеня "семантичного поля" та його характерних властивостей.
1.2. Ієрархічна будова поля.
1.3. Найпошнреніші типи семантичних полів.
Розділ 2. Лексико-семантичне поле "подорож".
2.1. Семантичні групи іменників, що зображають транспортні засоби та види транспортного транспортного обслуговуння.
2.2. Особливості семантичої групи іменників із значенням "харчування туристів".
2.3. Аналіз семантичної групи іменників із значенням "розміщення туристів та атракції".
Розділ 3. Контекстна реалізація понять теми "подорож" у творах Артура Хейлі "Небезпечний політ" та "Аеропорт".
3.1. Контекстуальний аналіз як метод дослідження функціональної сторони лексеми.
3.2. Параметри семантичного поля "Подорож" у творах Артура Хейлі "Небезпенчний політ" та "Аеропорт".
3.3. Контекстуалоьний аналіз досліджуваного поля на основі творів Артура Хейлі "Небезпечний політ" та "Аеропорт". _0лексикологія, семантичне поле |
||
| 650 | _aResearch Papers | ||
| 999 |
_c283414 _d283414 |
||
| 942 | _cBK | ||